<?xml version="1.0" encoding="UTF-8"?>
<record
    xmlns:xsi="http://www.w3.org/2001/XMLSchema-instance"
    xsi:schemaLocation="http://www.loc.gov/MARC21/slim http://www.loc.gov/standards/marcxml/schema/MARC21slim.xsd"
    xmlns="http://www.loc.gov/MARC21/slim">

  <leader>01124cam a22002651  4500</leader>
  <controlfield tag="001">pa 68000014 </controlfield>
  <controlfield tag="003">DLC</controlfield>
  <controlfield tag="005">20260227111857.0</controlfield>
  <controlfield tag="008">710901s1967    dcu           00010 eng c</controlfield>
  <datafield tag="010" ind1=" " ind2=" ">
    <subfield code="a">pa 68000014 //r896</subfield>
  </datafield>
  <datafield tag="040" ind1=" " ind2=" ">
    <subfield code="a">Pan American Union. Library</subfield>
    <subfield code="d">DLC</subfield>
  </datafield>
  <datafield tag="050" ind1="0" ind2=" ">
    <subfield code="a">F1405.5 1959</subfield>
    <subfield code="b">.O7 OEA/ser.A2/add.2</subfield>
  </datafield>
  <datafield tag="110" ind1="2" ind2="0">
    <subfield code="a">Organization of American States.</subfield>
  </datafield>
  <datafield tag="245" ind1="1" ind2="0">
    <subfield code="a">Protocol of amendment to the charter of the Organization of American States, "Protocol of Buenos Aires,"</subfield>
    <subfield code="b">with the corresponding articles of the charter now in force and the charter as amended.</subfield>
  </datafield>
  <datafield tag="260" ind1="0" ind2=" ">
    <subfield code="a">Washington,</subfield>
    <subfield code="b">Pan American Union,</subfield>
    <subfield code="c">1967.</subfield>
  </datafield>
  <datafield tag="300" ind1=" " ind2=" ">
    <subfield code="a">iv, 58 p.</subfield>
    <subfield code="c">22 x 28 cm.</subfield>
  </datafield>
  <datafield tag="350" ind1=" " ind2=" ">
    <subfield code="a">0.50</subfield>
  </datafield>
  <datafield tag="490" ind1="1" ind2=" ">
    <subfield code="a">Treaty series ;</subfield>
    <subfield code="v">no. 1-B</subfield>
  </datafield>
  <datafield tag="490" ind1="1" ind2=" ">
    <subfield code="a">OAS official records ;</subfield>
    <subfield code="v">OEA/Ser.A/2, add.2 (English)</subfield>
  </datafield>
  <datafield tag="610" ind1="2" ind2="0">
    <subfield code="a">Organization of American States.</subfield>
    <subfield code="t">Charter.</subfield>
  </datafield>
  <datafield tag="710" ind1="2" ind2="0">
    <subfield code="a">Organization of American States.</subfield>
    <subfield code="t">Charter.</subfield>
  </datafield>
  <datafield tag="740" ind1="0" ind2="1">
    <subfield code="a">Protocol of Buenos Aires.</subfield>
  </datafield>
  <datafield tag="830" ind1=" " ind2="0">
    <subfield code="a">Treaty series (Organization of American States. General Secretariat) ;</subfield>
    <subfield code="v">no. 1-B.</subfield>
  </datafield>
  <datafield tag="830" ind1=" " ind2="0">
    <subfield code="a">OAS official records ;</subfield>
    <subfield code="v">OEA/Ser.A/2, add.2 (English)</subfield>
  </datafield>
  <datafield tag="999" ind1=" " ind2=" ">
    <subfield code="c">51620</subfield>
    <subfield code="d">51620</subfield>
  </datafield>
</record>
